000 01895cam a22004574i 4500
003 PE-LiUPU
005 20250731165359.0
008 150922s2010 pe grm 000 0 spa d
035 _a(Sirsi) a154527
040 _aPE-LiUPU
_bspa
_cPE-LiUPU
_erda
099 _aTE 3
_bC96 2010
100 1 _aCushicóndor Chicaiza Blanca Fabiola
_eautor
245 1 _aPrograma Ecuador en el mejoramiento de la comprensión lectora de los alumnos del tercer año del Bachillerato /
_cBlanca Fabiola Cushicondor Chicaiza.
264 0 _c2010.
300 _a132 hojas
_c30 cm
336 _atext
_2rdacontent
337 _aunmediated
_2rdamedia
338 _avolume
_2rdacarrier
502 _aTesis
_b(Mg.) --
_cUniversidad Peruana Unión,
_d2010.
504 _aIncluye referencias
520 3 _aEl "Programa Ecuador" para mejorar la comprensión lectora en los alumnos de Tercer Año de Bachillerato de Ciencias fue aplicado en alumnos del último año de Educación Media del Colegio Adventista del Ecuador. La muestra estuvo compuesta por 60 alumnos a los que se les aplico un pre-test antes de iniciar con el programa y un pos-test al finalizar el programa, para analizarlos datos se utilizó el paquete estadístico SPSS.
526 _aSEG44
526 _aSEG26
526 _aP151
526 _aP150
526 _aP149
526 _aP146
526 _aP145
526 _aP126
526 _aP125
526 _aP92
526 _aP75
526 _aP74
526 _aP27
526 _aP15
650 0 4 _aComprensión lectora
_xPlanes y programas
_vTesis.
596 _a1
942 _2ddc
_cTESIS
999 _aTE 3 C96 2010
_wALPHANUM
_c7228
_iT01146
_lCCODEBUL3
_mBUL
_r1
_sY
_tTESIS
_u2015-9-22
_xPOSGRADO
_PP57
_o.STAFF. Tesis
_d7228
999 _aTE 3 C96 2010
_wALPHANUM
_c2
_iT01681
_lCCODEBUL3
_mBUL
_r1
_sY
_tTESIS
_u2015-9-22
_xPOSGRADO
_PP57
_o.STAFF. Tesis
980 _81
_gALBERTO SANCHEZ Responsable de Automatización